Os reflexos da reforma trabalhista para o empregado domštico

Bibliographic Details
Main Author: Fagundes Freitas, Christiano Abelardo
Other Authors: Da Silva Paiva, Lǎ Cristina Barboza
Format: eBook
Language:Portuguese
Published: San Pablo: LTR, 2019
Subjects:
Online Access:Acceso restringido

MARC

LEADER 00000nam a22000007a 4500
005 20190912005949.0
007 cr|||| ||||
008 190912s2019 br |||||s|||| 00||0 por d
020 |a 978-85-361-9955-9 
035 |a 30289 
040 |a vLex 
090 |c 9498  |d 9498 
100 1 |a Fagundes Freitas, Christiano Abelardo 
245 1 2 |a Os reflexos da reforma trabalhista para o empregado domštico  |h [Recurso electrn̤ico] /  |c Christiano Abelardo Fagundes Freitas, Lǎ Cristina Barboza Da Silva Paiva 
256 |a Servicio en ln̕ea 
260 |a San Pablo:  |b LTR,  |c 2019 
300 |a 1 recurso electrn̤ico 
500 |a Este livro, denominado “Os reflexos da Reforma Trabalhista para o empregado domštico”, vem para suprir uma lacuna na literatura jurd̕ica sobre os impactos da Lei n. 13.467/2017, conhecida como a Reforma Trabalhista, nos contratos de emprego com os domšticos. A obra possui 7 (sete) capt̕ulos, por meio dos quais os autores, com grande experin̊cia no magistřio, na advocacia e na literatura, analisam: 1) a evoluȯ̂ legislativa referente ao empregado domštico; 2) o conceito e alguns exemplos de empregado domštico; 3) a reforma trabalhista no campo do Direito Individual do Trabalho; 4) os direitos trabalhistas que o empregado domštico possui e os que nô possui, depois da reforma trabalhista; 5) o assďio moral no contrato de emprego com o domštico, alm̌ de outras especificidades dessa relaȯ̂ contratual. Trata-se, pois, de leitura indispensv̀el para todos os operadores do Direito do Trabalho, bem como para aqueles que estô se preparando para concursos e provas, como o Exame da OAB. 
506 1 |a Disponible solo en los productos indicados  |d vLex Global  |d vLex Global (Academic Edition, excluding Law Schools)  |d vLex Global (U.S. Academic Edition, Law Schools)  |d vLex Global (U.S. Academic Edition, excluding Law Schools)  |d vLex Global (Academic Edition, Law Schools) 
650 0 4 |a Derecho Laboral y Seguridad Social  |z Brasil 
700 1 |a Da Silva Paiva, Lǎ Cristina Barboza 
740 0 |a vLex Libros (Servicio en ln̕ea) 
856 4 0 |u http://vlex.com/source/os-reflexos-da-reforma-trabalhista-para-o-empregado-domestico-30289  |z Acceso restringido 
942 |c BOOK 
999 0 |a Labor law and social security